000
00352nam a22001217a 4500
003
SGT
082
_a
200
_b
M20D
100
_a
द्विवेदी, श्रीधर
245
_a
मैं बनारस हूँ :निसमोपासना
260
_b
श्रीधर प्रकाशन
_c
2020
300
_a
114
942
_2
ddc
_c
BK
999
_c
31792
_d
31792